[Event "Svenska Cupen 2014"]
[Site "Linkoping"]
[Date "2014.09.06"]
[Round "4.6"]
[White "Kassani, Sam"]
[Black "Ingbrant, Johan"]
[Result "0-1"]
[WhiteElo "2248"]
[BlackElo "2424"]

1.d4 d5 2.Nf3 c6 3.e3 Bg4 4.Be2 Nd7 5.h3 Bh5 6.O-O e6 7.c4 Bd6 8.Nc3 Ngf6 
9.Qb3 Rb8 10.Bd2 Ne4 11.Be1 O-O 12.Nd2 Bxe2 13.Nxe2 Nxd2 14.Bxd2 Qe7 15.
Qd3 Rfd8 16.c5 Bc7 17.b4 e5 18.Rab1 a6 19.a4 Re8 20.Bc3 e4 21.Qd2 b5 22.
Ra1 bxa4 23.Rxa4 Ra8 24.Rfa1 Nb8 25.Qd1 Ra7 26.Be1 Rb7 27.R4a3 f5 28.Kh1 
Rf8 29.Ng1 Rf6 30.R1a2 Rh6 31.f4 exf3 32.Qxf3 Qe4 33.Rf2 Rf6 34.Qxe4 fxe4 
35.Rxf6 gxf6 36.Ra1 Kf7 37.Ne2 Ke6 38.Kg1 f5 39.Kf1 h6 40.Ra2 h5 41.Ra1 
Kf6 42.h4 Kg6 43.Ra4 a5 44.bxa5 Na6 45.g3 Rb2 46.Ra3 Kf6 47.Nc1 Rb1 48.Ne2
Rb2 49.Nc1 Rb1 50.Ne2 Ke6 51.Kf2 Rb2 52.Kf1 Kd7 53.Ra1 Kc8 54.Ra4 Kb7 55.
Ra3 Nb8 56.Nc1 Ka6 57.Ne2 Nd7 58.Nc3 Nf6 59.Na2 Ng4 60.Nb4+ Kb7 61.a6+ Ka8
62.Bc3 Nxe3+ 63.Kg1 Rg2+ 64.Kh1 Rxg3 65.Nxc6 Nd1 0-1

[Event "Svenska Cupen 2014"]
[Site "Linkoping"]
[Date "2014.09.06"]
[Round "4.8"]
[White "Trost, Martin"]
[Black "Arvidsson, Tomas"]
[Result "0-1"]
[WhiteElo "1883"]
[BlackElo "1974"]

1.e4 c5 2.Nc3 Nc6 3.f4 g6 4.Nf3 Bg7 5.Bc4 d6 6.d3 e6 7.O-O Nge7 8.Qe1 Nd4 
9.Nxd4 cxd4 10.Ne2 O-O 11.Ng3 d5 12.Bb3 b5 13.a4 bxa4 14.Rxa4 Bd7 15.Ra5 
Nc6 16.Ra3 dxe4 17.dxe4 Re8 18.Qf2 Ne7 19.f5 exf5 20.Bg5 Bb5 21.exf5 Bxf1 
22.fxg6 hxg6 23.Qxf7+ Kh8 24.Nh5 Rg8 25.Bxe7 Qb6 26.Nxg7 d3+ 27.Kxf1 d2 
28.c3 Qe3 29.Qe6 Rgf8+ 30.Bf6 Rxf6+ 0-1

[Event "Svenska Cupen 2014"]
[Site "Linkoping"]
[Date "2014.09.06"]
[Round "5.1"]
[White "Nithander, Victor"]
[Black "Anderzen, Robert"]
[Result "1-0"]
[WhiteElo "2494"]
[BlackElo "1927"]

1.e4 c5 2.Nf3 d6 3.d4 cxd4 4.Nxd4 Nf6 5.Nc3 a6 6.Be2 e5 7.Nb3 Be6 8.O-O 
Nbd7 9.f4 Qc7 10.a4 Be7 11.Be3 O-O 12.f5 Bc4 13.Nd2 Bxe2 14.Qxe2 Rfd8 15.
Kh1 Qc6 16.Bg5 Qc7 17.Nc4 Re8 18.Ne3 Rac8 19.Ncd5 Qc5 20.Bxf6 Nxf6 21.
Nxf6+ Bxf6 22.c3 Bg5 23.Nd5 Bd8 24.Qg4 f6 25.Rf3 Qc6 26.Rh3 Qd7 27.Qh5 h6 
28.Rg3 1-0

[Event "Svenska Cupen 2014"]
[Site "Linkoping"]
[Date "2014.09.06"]
[Round "5.2"]
[White "Ng, Klemens"]
[Black "Westerberg, Jonathan"]
[Result "0-1"]
[WhiteElo "1832"]
[BlackElo "2482"]

1.e4 c5 2.Nf3 Nc6 3.d4 cxd4 4.Nxd4 Nf6 5.Nc3 e6 6.Be3 Bb4 7.Bd3 d5 8.f3 e5
9.Nxc6 bxc6 10.Bd2 Qb6 11.Rb1 O-O 12.a3 dxe4 13.Nxe4 Nxe4 14.fxe4 Qe3+ 15.
Be2 Bxd2+ 16.Qxd2 Qxe4 17.O-O Bf5 18.Bf3 Qxc2 19.Qxc2 Bxc2 20.Rbc1 Bb3 21.
Rfe1 f6 22.Rxc6 Rac8 23.Ra6 Rc7 24.Bd1 Rb8 25.Bxb3+ Rxb3 26.Re2 Kf7 27.Rd6
Ke7 28.Rd1 Rcb7 29.Rdd2 Ke6 30.Rc2 h5 31.Kf2 f5 32.g3 e4 33.Kg2 R7b6 34.
Kf2 g5 35.Kg2 a5 36.Kf2 Kd5 37.Red2+ Rd3 38.Re2 f4 39.Rc8 Rf3+ 40.Kg2 
Rxg3+ 41.hxg3 f3+ 42.Kf2 fxe2 43.Rd8+ Ke5 44.Rg8 Kf5 45.Rc8 Rxb2 46.Rc5+ 
Kg4 47.Rxa5 Rb3 48.Re5 Re3 49.Ke1 Rxa3 50.Rxe4+ Kf3 51.Re5 Ra1+ 52.Kd2 
Rd1+ 0-1

[Event "Svenska Cupen 2014"]
[Site "Linkoping"]
[Date "2014.09.06"]
[Round "5.3"]
[White "Sagit, Rauan"]
[Black "Bjorsson, Alf"]
[Result "1-0"]
[WhiteElo "2405"]
[BlackElo "1829"]

1.e4 Nf6 2.e5 Nd5 3.d4 d6 4.Bc4 e6 5.Qe2 dxe5 6.dxe5 Nc6 7.Nf3 Nb6 8.Bb5 
Bd7 9.O-O a6 10.Bxc6 Bxc6 11.Rd1 Qe7 12.Nd4 Bd5 13.Nc3 c5 14.Nxd5 Nxd5 15.
c4 Nb4 16.a3 cxd4 17.axb4 Qxb4 18.Rxd4 Rd8 19.Rxd8+ Kxd8 20.Bg5+ Be7 21.
Rd1+ Ke8 22.Be3 Qa5 23.Qd3 Qc7 24.b3 f5 25.exf6 gxf6 26.h3 Kf7 27.Qe4 Rg8 
28.Qxh7+ Rg7 29.Qh5+ Rg6 30.Qf3 Ke8 31.h4 Qc6 32.Qxc6+ bxc6 33.Ra1 Bb4 34.
Rxa6 Kd7 35.Ra7+ Kd6 36.h5 Rg8 37.h6 Bc5 38.h7 Rh8 39.Bxc5+ Kxc5 40.Kh2 
Kd4 41.Kg3 c5 42.Kg4 Ke5 43.Kh5 Kf5 44.Kh6 1-0

[Event "Svenska Cupen 2014"]
[Site "Linkoping"]
[Date "2014.09.06"]
[Round "5.4"]
[White "Troberg Eskola, Love"]
[Black "Pettersson, Anders"]
[Result "0-1"]
[WhiteElo "1578"]
[BlackElo "2319"]

1.e4 c5 2.Nf3 Nc6 3.d4 cxd4 4.Nxd4 g6 5.c4 Nf6 6.Nc3 d6 7.Be2 Nxd4 8.Qxd4 
Bg7 9.Be3 O-O 10.Qd2 Be6 11.O-O Re8 12.f3 Nd7 13.Rab1 a5 14.b3 f5 15.a3 
Rf8 16.Rfc1 Be5 17.Nd5 fxe4 18.fxe4 Nc5 19.Bf3 a4 20.Bxc5 dxc5 21.Qg5 Bd4+
22.Kh1 Bxd5 23.exd5 Rf5 24.Qh4 Qf8 25.Bg4 Rf4 26.Be6+ Kg7 27.Qg3 Qf6 28.
Bg4 Rf8 29.Bf3 Be5 30.Re1 Bd6 31.Qf2 b6 32.h3 Rd4 33.Qe2 Qf4 34.Kg1 Rd2 
35.Qe3 Qh2+ 36.Kf1 Qxg2# 0-1

[Event "Svenska Cupen 2014"]
[Site "Linkoping"]
[Date "2014.09.06"]
[Round "5.5"]
[White "Laveryd, Peter"]
[Black "Emmoth, Alfons"]
[Result "1-0"]
[WhiteElo "2431"]
[BlackElo "1699"]

1.d4 d5 2.Nf3 c5 3.c4 dxc4 4.Nc3 cxd4 5.Qxd4 Nc6 6.Qxd8+ Kxd8 7.Bf4 f6 8.
O-O-O+ Bd7 9.e4 e5 10.Be3 Bb4 11.Bxc4 Bxc3 12.bxc3 Kc7 13.Ne1 Nge7 14.Nd3 
Rhd8 15.Nc5 b6 16.Nxd7 Rxd7 17.Rxd7+ Kxd7 18.Kc2 Rc8 19.Rd1+ Ke8 20.Be6 
Rc7 21.f4 Ng6 22.g3 Nf8 23.Bg8 h6 24.Bb3 Ke7 25.Ba4 Nd7 26.Bb3 Nb4+ 27.Kb2
Na6 28.Bd5 Nac5 29.c4 Rc8 30.f5 Rc7 31.g4 Nb7 32.Kb3 Ndc5+ 33.Bxc5+ Nxc5+ 
34.Kb4 Rc8 35.h4 Rh8 36.Rg1 Kd6 37.Kb5 Kc7 38.g5 a6+ 39.Kb4 fxg5 40.hxg5 
h5 41.f6 g6 42.Kc3 Rd8 43.f7 Nd7 44.Rf1 Nf8 45.Rf6 Rd6 46.Rf2 Kd8 47.c5 
bxc5 48.Rb2 Ke7 49.Kc4 Nd7 50.Rb7 h4 51.a4 h3 52.a5 Kf8 53.Rb3 h2 54.Rh3 
Kg7 55.Rxh2 Nf8 56.Rf2 1-0

[Event "Svenska Cupen 2014"]
[Site "Linkoping"]
[Date "2014.09.06"]
[Round "5.6"]
[White "Eriksson, Edvard"]
[Black "Ingbrant, Johan"]
[Result "0-1"]
[WhiteElo "1658"]
[BlackElo "2424"]

1.d4 d5 2.Nf3 c6 3.Bf4 Nf6 4.c3 Bg4 5.e3 Nbd7 6.Nbd2 Nh5 7.Bg3 e6 8.Qc2 
Nxg3 9.hxg3 h6 10.Bd3 Bxf3 11.Nxf3 Be7 12.e4 dxe4 13.Bxe4 Qc7 14.O-O O-O 
15.Rfe1 a5 16.Ne5 a4 17.f4 Nf6 18.Bf3 c5 19.dxc5 Bxc5+ 20.Kh1 a3 21.b3 
Rad8 22.Qe2 Nd5 23.Bxd5 Rxd5 24.c4 Rd6 25.Rad1 Rfd8 26.Kh2 Bb4 27.Rxd6 
Qxd6 28.Rc1 Qd2 29.Rc2 Qxe2 30.Rxe2 Rd1 31.Nf3 Rb1 32.Nd4 Rb2 33.Rc2 Bc5 
34.Rxb2 axb2 0-1

[Event "Svenska Cupen 2014"]
[Site "Linkoping"]
[Date "2014.09.06"]
[Round "5.7"]
[White "Schutz, Ingemar"]
[Black "Grueso-Cordoba, Santiago"]
[Result "1-0"]
[WhiteElo "2242"]
[BlackElo "1611"]

1.e4 e6 2.d4 d5 3.Nc3 Bb4 4.e5 c5 5.a3 Ba5 6.b4 cxd4 7.Nb5 Bc7 8.f4 Nc6 9.
Nf3 Nge7 10.Bd3 a6 11.Nxc7+ Qxc7 12.O-O Bd7 13.Bb2 f6 14.exf6 gxf6 15.Nxd4
Qb6 16.Kh1 Nxd4 17.Bxd4 Qc7 18.Bxf6 Rf8 19.Qh5+ Kd8 20.Qh4 Bb5 21.Rae1 Qd6
22.f5 Bd7 23.fxe6 1-0

[Event "Svenska Cupen 2014"]
[Site "Linkoping"]
[Date "2014.09.06"]
[Round "5.8"]
[White "Grueso-Gomez, Adriano"]
[Black "Arvidsson, Tomas"]
[Result "0-1"]
[WhiteElo "1581"]
[BlackElo "1974"]

1.e4 c5 2.Nf3 Nc6 3.d4 cxd4 4.Nxd4 Nf6 5.Nc3 e5 6.Nb3 Bb4 7.Bd2 O-O 8.Bd3 
Bxc3 9.Bxc3 d5 10.exd5 Qxd5 11.O-O b5 12.f4 Bb7 13.Qe2 Nd4 14.Nxd4 exd4 
15.Bd2 Rfe8 16.Qf2 Ng4 17.Bxh7+ Kxh7 18.Qh4+ Nh6 19.Rf2 Kg8 20.Raf1 Nf5 
21.Qg4 Ne3 22.Bxe3 dxe3 23.Re2 Re4 24.h4 Rae8 25.h5 R8e6 26.Kh2 Rf6 27.Rf3
Qf5 28.Qxf5 Rxf5 0-1

[Event "Svenska Cupen 2014"]
[Site "Linkoping"]
[Date "2014.09.07"]
[Round "6.1"]
[White "Nithander, Victor"]
[Black "Blomqvist, Erik"]
[Result "1-0"]
[WhiteElo "2494"]
[BlackElo "2593"]

1.e4 c5 2.Nf3 e6 3.d4 cxd4 4.Nxd4 Nc6 5.Nc3 Qc7 6.Be2 a6 7.O-O Nf6 8.Be3 
Bb4 9.Nxc6 bxc6 10.Na4 Be7 11.Nb6 Rb8 12.Nxc8 Qxc8 13.Bd4 c5 14.Be5 Rb6 
15.Bf3 O-O 16.Bc3 d6 17.e5 dxe5 18.Bxe5 Nd7 19.Bc3 Bf6 20.Bxf6 Nxf6 21.b3 
Rd8 22.Qe2 Qc7 23.Rad1 g6 24.Qc4 Rbd6 25.Rxd6 Qxd6 26.g3 Qb6 27.c3 Kg7 28.
Rd1 Rxd1+ 29.Bxd1 Qb5 30.Qxb5 axb5 31.a4 bxa4 32.bxa4 Nd5 33.c4 Nb4 34.a5 
Kf6 35.Ba4 Ke7 36.f4 f6 37.Kf2 Kd6 38.Ke3 Kc7 39.h4 Nc6 40.a6 f5 41.Bb5 
Kb6 42.a7 Nxa7 43.Bd7 Nc6 44.Bxe6 Ne7 45.Kd3 1-0

[Event "Svenska Cupen 2014"]
[Site "Linkoping"]
[Date "2014.09.07"]
[Round "6.2"]
[White "Hedman, Erik"]
[Black "Westerberg, Jonathan"]
[Result "0-1"]
[WhiteElo "2423"]
[BlackElo "2482"]

1.Nf3 d5 2.c4 c6 3.e3 Nf6 4.d4 a6 5.Bd3 Bg4 6.Nbd2 e6 7.O-O Nbd7 8.b3 Be7 
9.Bb2 O-O 10.Qc2 Bh5 11.Ne5 Bg6 12.Nxg6 hxg6 13.e4 dxe4 14.Nxe4 Nxe4 15.
Bxe4 Nf6 16.Bf3 Qa5 17.Rad1 Rfd8 18.Rfe1 Rd7 19.Re5 Qc7 20.Re3 Rad8 21.g3 
Ne8 22.Red3 Bf6 23.Bg4 Nd6 24.Bc1 Nf5 25.Be3 Nxd4 26.Bxd4 Rxd4 27.Rxd4 
Bxd4 28.Kg2 e5 29.h4 Qe7 30.Bh3 Rd6 31.Qe2 e4 32.Kh2 c5 33.Bg2 f5 34.f4 
Qd8 35.Kh3 Bc3 36.Rxd6 Qxd6 37.Bf1 Bd2 38.Kg2 Qd4 39.Kh3 Qc3 40.Kg2 Be1 
0-1

[Event "Svenska Cupen 2014"]
[Site "Linkoping"]
[Date "2014.09.07"]
[Round "6.3"]
[White "Sagit, Rauan"]
[Black "Lokander, Martin"]
[Result "1/2-1/2"]
[WhiteElo "2405"]
[BlackElo "2395"]

1.e4 e6 2.d4 d5 3.Nc3 Nf6 4.Bg5 dxe4 5.Nxe4 Be7 6.Bxf6 gxf6 7.Nf3 f5 8.Ng3
c5 9.Bb5+ Bd7 10.Bxd7+ Qxd7 11.O-O cxd4 12.Nxd4 Nc6 13.Nf3 Qxd1 14.Raxd1 
Rg8 15.Rfe1 Rg4 16.h3 Rc4 17.c3 b5 18.Kf1 Rb8 19.Re2 Rd8 20.Rxd8+ Kxd8 21.
Rd2+ Kc7 22.Ne2 Bf6 23.g3 a5 24.h4 h6 25.Nf4 Ra4 26.a3 b4 27.cxb4 axb4 28.
axb4 Rxb4 29.Nd3 Rb3 30.Kg2 Kb6 31.h5 Rb5 32.b4 Bc3 33.Rc2 Bxb4 34.Rxc6+ 
Kxc6 35.Nd4+ Kb6 36.Nxb5 Kxb5 37.Ne5 f6 38.Nf7 Kc6 39.Nxh6 Kd7 40.Ng8 Bc3 
41.h6 f4 42.g4 Ke8 43.h7 f5 44.gxf5 exf5 45.Nh6 Kf8 46.Nxf5 Kf7 47.Kf3 Kg6
48.Kxf4 Kxh7 49.f3 1/2-1/2

[Event "Svenska Cupen 2014"]
[Site "Linkoping"]
[Date "2014.09.07"]
[Round "6.4"]
[White "Bryntze, Stefan"]
[Black "Pettersson, Anders"]
[Result "1/2-1/2"]
[WhiteElo "2227"]
[BlackElo "2319"]

1.d4 Nf6 2.Nf3 e6 3.c4 d5 4.Nc3 c6 5.Bg5 Nbd7 6.e3 Qa5 7.Nd2 Bb4 8.Qc2 O-O
9.a3 Bxc3 10.Qxc3 Qxc3 11.bxc3 Ne4 12.Nxe4 dxe4 13.f3 exf3 14.gxf3 f6 15.
Bh4 Kf7 16.Bd3 1/2-1/2

[Event "Svenska Cupen 2014"]
[Site "Linkoping"]
[Date "2014.09.07"]
[Round "6.5"]
[White "Anderzen, Robert"]
[Black "Laveryd, Peter"]
[Result "0-1"]
[WhiteElo "1927"]
[BlackElo "2431"]

1.c4 d6 2.Nc3 e5 3.d4 exd4 4.Qxd4 Nc6 5.Qd2 g6 6.b3 Bg7 7.Bb2 Nf6 8.Nf3 
O-O 9.e3 Ne5 10.Be2 Bd7 11.O-O a5 12.a3 Nxf3+ 13.Bxf3 Bc6 14.Nd5 Bxd5 15.
Bxd5 Nxd5 16.cxd5 Bxb2 17.Qxb2 c6 18.dxc6 bxc6 19.Rac1 Qb6 20.Rfd1 c5 21.
a4 Rfe8 22.Rd3 Re6 23.Qd2 Ra6 24.Rd1 Qb7 25.f3 Qb4 26.Qxb4 axb4 27.Kf2 f5 
28.h4 Kf7 29.Kg3 Ke7 30.Rc1 Ra5 31.Kf4 Kd7 32.g4 fxg4 33.Kxg4 Kc6 34.e4 
Ra7 35.Rd5 Rae7 36.Kf4 Rf7+ 37.Kg4 Ref6 38.Rd3 Rf4+ 39.Kg3 h6 40.Rcd1 R4f6
41.R1d2 Ra7 42.Rc2 Re6 43.Kg4 Re5 44.Rcd2 Rd7 45.Kf4 Re6 46.Rd5 Ra7 47.Rc2
Rf7+ 48.Kg3 Ref6 49.Rd3 Re7 50.Rcd2 Re5 51.Rd5 Rxd5 52.Rxd5 Rf7 53.f4 Rb7 
54.h5 gxh5 55.Rxh5 c4 56.bxc4 b3 57.Rh1 Kc5 58.f5 b2 59.Rb1 Kxc4 60.Kf4 
Kc3 61.f6 Kc2 62.Rxb2+ Kxb2 63.a5 Ra7 64.a6 Rxa6 65.Kf5 Ra1 66.Kg6 Rf1 67.
f7 h5 0-1

[Event "Svenska Cupen 2014"]
[Site "Linkoping"]
[Date "2014.09.07"]
[Round "6.6"]
[White "Ingbrant, Johan"]
[Black "Ng, Klemens"]
[Result "1-0"]
[WhiteElo "2424"]
[BlackElo "1832"]

1.d4 Nf6 2.g3 g6 3.Bg2 d6 4.e4 Bg7 5.Nc3 O-O 6.Nge2 c5 7.h3 cxd4 8.Nxd4 
Nc6 9.Be3 Bd7 10.O-O Na5 11.b3 Qc8 12.Qd2 Bxh3 13.Nd5 Nxd5 14.exd5 b6 15.
Rae1 Bd7 16.Bg5 f6 17.Bf4 Re8 18.c4 Nb7 19.Rc1 a5 20.a3 Ra6 21.Rfe1 Kf7 
22.Be3 Nc5 23.b4 Nb7 24.Nc6 axb4 25.axb4 Qc7 26.Bd4 Nd8 27.b5 Ra4 28.Qe3 
Nxc6 29.Bxb6 Qb8 30.dxc6 Bf5 31.c7 Qc8 32.Qb3 Ra8 33.c5+ Kf8 34.cxd6 exd6 
35.Rxe8+ Qxe8 36.Qd5 Rc8 37.Qxd6+ Qe7 38.Bc5 Qxd6 39.Bxd6+ Ke8 40.b6 Kd7 
41.b7 1-0

[Event "Svenska Cupen 2014"]
[Site "Linkoping"]
[Date "2014.09.07"]
[Round "6.7"]
[White "Bjorsson, Alf"]
[Black "Schutz, Ingemar"]
[Result "0-1"]
[WhiteElo "1829"]
[BlackElo "2242"]

1.d4 Nf6 2.Nf3 g6 3.Bg5 Bg7 4.c3 O-O 5.Nbd2 d5 6.e3 Nbd7 7.Bd3 Re8 8.Bf4 
Nh5 9.O-O Nxf4 10.exf4 c5 11.Re1 Qb6 12.Qb3 Qd6 13.Bb5 cxd4 14.cxd4 Rd8 
15.g3 Nf6 16.Bf1 b6 17.Ne5 Be6 18.Qa4 Rdc8 19.Ba6 Rc7 20.Rac1 Ne4 21.Nb3 
Bd7 22.Nxd7 Qxd7 23.Qxd7 Rxd7 24.Rc2 e6 25.Rec1 Nd6 26.Rc7 Rad8 27.Bd3 Kf8
28.f3 Ke7 29.Kf2 b5 30.Ke2 Nc4 31.Rxd7+ Rxd7 32.Nc5 Rd8 33.Nb3 a6 34.Rc2 
Ra8 35.Bxc4 bxc4 36.Na5 Kd7 37.Ke3 Bf8 38.b3 Bb4 39.Nb7 Rb8 40.Nc5+ Bxc5 
41.dxc5 cxb3 42.c6+ Kc7 43.axb3 Rxb3+ 44.Kd4 Rb6 45.Ra2 f6 46.Ra4 Kxc6 47.
g4 Kd6 48.h4 e5+ 49.fxe5+ fxe5+ 50.Kc3 d4+ 51.Kc2 Rc6+ 52.Kd2 Rb6 53.f4 
exf4 54.Rxd4+ Ke5 55.Ra4 h6 56.g5 h5 57.Ke2 Kf5 58.Kf3 Rb3+ 59.Kf2 Kg4 60.
Rxa6 Rb2+ 61.Kf1 Kg3 62.Rxg6 f3 63.Re6 Rb1+ 64.Re1 Rxe1+ 65.Kxe1 Kg2 66.g6
f2+ 0-1

[Event "Svenska Cupen 2014"]
[Site "Linkoping"]
[Date "2014.09.07"]
[Round "6.8"]
[White "Arvidsson, Tomas"]
[Black "Troberg Eskola, Love"]
[Result "1-0"]
[WhiteElo "1974"]
[BlackElo "1578"]

1.e4 c6 2.d4 d5 3.e5 Bf5 4.Nf3 e6 5.Be2 Nd7 6.O-O Ne7 7.c3 c5 8.a3 Nc6 9.
b4 cxd4 10.cxd4 a6 11.Nc3 b5 12.Bg5 Be7 13.Bxe7 Qxe7 14.Rc1 Na7 15.Qb3 O-O
16.a4 Rfb8 17.a5 Rc8 18.Na2 Rc6 19.Rxc6 Nxc6 20.Rc1 Rc8 21.Qb2 Nf8 22.Rc5 
Nd7 23.Rc3 h6 24.Qc1 Ndb8 25.g3 Bg4 26.Kg2 Bxf3+ 27.Bxf3 Qb7 28.Qf4 Qe7 
29.Bh5 Na7 30.Rxc8+ Nxc8 31.Qc1 Qb7 32.Be2 Nc6 33.Qc3 Nd8 34.Bd3 Qc6 35.
Qd2 Qc7 36.Nc1 Nc6 37.Nb3 N8e7 38.Bb1 Nb8 39.Nc5 Ng6 40.Bxg6 fxg6 41.Nxe6 
Qc4 42.Qf4 Qxb4 43.Nc5 Qxa5 44.e6 Qd8 45.Qf7+ Kh7 46.e7 1-0

[Event "Svenska Cupen 2014"]
[Site "Linkoping"]
[Date "2014.09.07"]
[Round "7.1"]
[White "Nithander, Victor"]
[Black "Persson, Andreas"]
[Result "1-0"]
[WhiteElo "2494"]
[BlackElo "2305"]

1.e4 e5 2.Nf3 Nc6 3.Bb5 a6 4.Ba4 Nf6 5.O-O Be7 6.Re1 b5 7.Bb3 O-O 8.h3 Bb7
9.d3 d6 10.c3 Na5 11.Bc2 c5 12.Nbd2 Re8 13.Nf1 h6 14.Ng3 Bf8 15.Bd2 Bc8 
16.a4 Bd7 17.Nh2 d5 18.exd5 Nxd5 19.axb5 axb5 20.Nf3 Nc6 21.Rxa8 Qxa8 22.
Bb3 Nf6 23.Nh4 Be6 24.Bxe6 Rxe6 25.Qb3 Qa6 26.Nhf5 Ne7 27.Be3 Nxf5 28.Nxf5
e4 29.dxe4 Rxe4 30.Rd1 Re8 31.Qc2 Ne4 32.Qd3 c4 33.Qd7 Nf6 34.Qc7 Rc8 35.
Qg3 Kh7 36.Qf4 Qc6 37.Nd4 Qd5 38.Rd2 Ne4 39.Re2 b4 40.f3 Nf6 41.Rd2 bxc3 
42.bxc3 Ra8 43.Nf5 Qc6 44.Bd4 Bc5 45.Kh2 Bxd4 46.Rxd4 Ra4 47.Nxg7 Kxg7 48.
Rd6 Qe8 49.Qxf6+ 1-0

[Event "Svenska Cupen 2014"]
[Site "Linkoping"]
[Date "2014.09.07"]
[Round "7.2"]
[White "Walinder, Lars"]
[Black "Westerberg, Jonathan"]
[Result "0-1"]
[WhiteElo "2279"]
[BlackElo "2482"]

1.c4 e5 2.Nc3 Nc6 3.Nf3 f5 4.d4 e4 5.Ng5 Bb4 6.Nh3 Bxc3+ 7.bxc3 Nf6 8.Bg5 
O-O 9.e3 h6 10.Bxf6 Qxf6 11.Nf4 d6 12.Be2 Na5 13.O-O g5 14.Nd5 Qg7 15.Qa4 
b6 16.c5 dxc5 17.dxc5 Be6 18.c4 Rad8 19.Rad1 Qf7 20.f3 exf3 21.Bxf3 Qg7 
22.g3 Qe5 23.Rfe1 Kg7 24.e4 f4 25.gxf4 gxf4 26.Kh1 Kh7 27.Rg1 Rg8 28.cxb6 
axb6 29.c5 Rg5 30.cxb6 cxb6 31.Qb4 Bxd5 32.exd5 Rd6 33.Rge1 Qf6 34.Qe4+ 
Kh8 35.Qe8+ Rg8 36.Qh5 Nc4 37.Re6 Rxe6 38.dxe6 Ne3 39.Rd4 Qg7 0-1

[Event "Svenska Cupen 2014"]
[Site "Linkoping"]
[Date "2014.09.07"]
[Round "7.3"]
[White "Sagit, Rauan"]
[Black "Lindh, Fredrik"]
[Result "1/2-1/2"]
[WhiteElo "2405"]
[BlackElo "2271"]

1.e4 c5 2.Nf3 Nc6 3.Bb5 g6 4.Bxc6 bxc6 5.O-O Bg7 6.e5 Nh6 7.d3 O-O 8.Nc3 
d6 9.h3 Nf5 10.Re1 Nd4 11.Bf4 Ne6 12.Bd2 Qc7 13.exd6 exd6 14.Qc1 Bd7 15.
Bh6 Nd4 16.Nxd4 cxd4 17.Bxg7 Kxg7 18.Ne4 f5 19.Ng5 Rae8 20.Qf4 c5 21.b4 h6
22.Nf3 g5 23.Nxg5 hxg5 24.Qxg5+ Kf7 25.Qh5+ Kg7 26.Qg5+ Kf7 27.Qh5+ 
1/2-1/2

[Event "Svenska Cupen 2014"]
[Site "Linkoping"]
[Date "2014.09.07"]
[Round "7.4"]
[White "Hedstrom, Johan"]
[Black "Pettersson, Anders"]
[Result "0-1"]
[WhiteElo "2112"]
[BlackElo "2319"]

1.d4 Nf6 2.Nf3 e6 3.g3 b6 4.Bg2 Bb7 5.O-O Be7 6.Bg5 h6 7.Bxf6 Bxf6 8.Nbd2 
c5 9.c3 d5 10.e3 Nd7 11.Re1 O-O 12.e4 cxd4 13.cxd4 dxe4 14.Nxe4 Be7 15.a3 
Nf6 16.Nc3 Re8 17.Qd2 a6 18.Nh4 Bxg2 19.Nxg2 Qd7 20.Red1 Rad8 21.Qe2 Qb7 
22.Rd3 Rd7 23.Rad1 Red8 24.h4 b5 25.Nf4 Bd6 26.Nh5 Be7 27.Nf4 Bf8 28.Ng2 
a5 29.Ne3 b4 30.axb4 axb4 31.Na4 Qa7 32.b3 Rxd4 33.Qc2 Rxd3 34.Rxd3 Ra8 
35.Qc6 Qa6 36.Qc2 Rc8 37.Nc4 e5 38.Qd1 e4 39.Rd2 Qe6 40.Nab6 Re8 41.Nd5 
Nxd5 42.Rxd5 Qf6 43.Kg2 Ra8 44.Qe2 Re8 45.Ne3 Qc3 46.Qc4 Qxc4 47.Nxc4 g6 
48.h5 gxh5 49.Kh3 Bg7 50.Kh4 Bc3 51.Kxh5 Re6 52.Nd6 Be1 53.Nf5 Bxf2 54.
Nxh6+ Kf8 55.Nf5 e3 56.Rd8+ Re8 57.Rxe8+ Kxe8 58.Nd4 Bxg3 59.Kg4 Be1 60.
Kf3 Bd2 61.Nf5 Kd7 62.Nxe3 Bxe3 63.Kxe3 Kc6 64.Kd4 Kb5 65.Kd5 f5 66.Kd4 f4
0-1

[Event "Svenska Cupen 2014"]
[Site "Linkoping"]
[Date "2014.09.07"]
[Round "7.5"]
[White "Laveryd, Peter"]
[Black "Blomqvist, Erik"]
[Result "0-1"]
[WhiteElo "2431"]
[BlackElo "2593"]

1.e4 c5 2.Nc3 a6 3.a4 Nc6 4.Nge2 g6 5.d4 cxd4 6.Nxd4 Bg7 7.Be3 Nf6 8.Nxc6 
bxc6 9.e5 Ng8 10.f4 f6 11.e6 d5 12.f5 Qd6 13.Qf3 Bh6 14.Bd4 Rb8 15.Bd3 
gxf5 16.Qh5+ Kd8 17.Bxf5 Bxe6 18.O-O Bxf5 19.Qxf5 e5 20.Bf2 Ne7 21.Qh3 Bg5
22.a5 Rxb2 23.Qd3 Rb4 24.Rab1 Rc4 25.Rb7 Ke8 26.Qh3 h5 27.Nd1 Kf7 28.Ne3 
Bxe3 29.Qxe3 Ke6 30.Qh3+ Rg4 31.Bh4 Nf5 32.Bf2 d4 33.c3 dxc3 34.Qxc3 Qd5 
35.Qh3 Rhg8 36.Bg3 h4 37.Kh1 Qc4 38.Rfb1 hxg3 39.Qh5 Nd6 40.Rc7 Rh4 0-1

[Event "Svenska Cupen 2014"]
[Site "Linkoping"]
[Date "2014.09.07"]
[Round "7.6"]
[White "Hedman, Erik"]
[Black "Ingbrant, Johan"]
[Result "1/2-1/2"]
[WhiteElo "2423"]
[BlackElo "2424"]

1.d4 d5 2.c4 c6 3.e3 e6 4.Bd3 Bd6 5.b3 f5 6.Nc3 Nf6 7.f3 a6 8.Nge2 O-O 9.
Qc2 Nbd7 10.Bb2 b5 11.c5 Bc7 12.O-O-O a5 13.Rdg1 b4 14.Nd1 Ba6 15.Nf2 Qe7 
16.g4 fxg4 17.f4 Bxd3 18.Qxd3 a4 19.Kc2 axb3+ 20.axb3 Ra2 21.Ra1 Rfa8 22.
Rxa2 Rxa2 23.Qd2 Qf7 24.Qd3 1/2-1/2

[Event "Svenska Cupen 2014"]
[Site "Linkoping"]
[Date "2014.09.07"]
[Round "7.7"]
[White "Schutz, Ingemar"]
[Black "Lokander, Martin"]
[Result "1-0"]
[WhiteElo "2242"]
[BlackElo "2395"]

1.e4 e6 2.d4 d5 3.Nc3 Nf6 4.Bg5 dxe4 5.Nxe4 Be7 6.Bxf6 gxf6 7.Nf3 f5 8.Nc3
a6 9.Bc4 b5 10.Bb3 c5 11.dxc5 Bxc5 12.Qe2 O-O 13.g4 Nc6 14.gxf5 exf5 15.
Rg1+ Kh8 16.Ng5 Ra7 17.Qh5 f6 18.Nh3 Ne5 19.Nd5 a5 20.O-O-O a4 21.Ndf4 Qe7
22.Bd5 a3 23.Rde1 axb2+ 24.Kb1 Qd6 25.Rxe5 fxe5 26.Ng6+ Qxg6 27.Rxg6 Rd7 
28.Ng5 Rg7 29.Rh6 Bxf2 30.Rxh7+ Rxh7 31.Qxh7# 1-0

[Event "Svenska Cupen 2014"]
[Site "Linkoping"]
[Date "2014.09.07"]
[Round "7.8"]
[White "Bryntze, Stefan"]
[Black "Arvidsson, Tomas"]
[Result "1-0"]
[WhiteElo "2227"]
[BlackElo "1974"]

1.f4 g6 2.e3 Bg7 3.Nf3 f5 4.Nc3 Nf6 5.b3 O-O 6.Bb2 e6 7.Be2 d6 8.O-O c5 9.
Qe1 Ne8 10.Qg3 Nc6 11.Nd1 Qe7 12.Ng5 Nb4 13.a3 Nd5 14.Rb1 Ndf6 15.Nf2 h6 
16.Nf3 Qf7 17.b4 cxb4 18.axb4 Bd7 19.c4 b6 20.c5 Nh5 21.Qh3 e5 22.fxe5 
dxc5 23.bxc5 bxc5 24.Ba3 f4 25.Ng4 fxe3 26.Bxc5 exd2 27.Nxd2 1-0